Jamuna / (Record no. 137043)
[ view plain ]
| 000 -LEADER | |
|---|---|
| fixed length control field | 00503nam a22001937a 4500 |
| 005 - DATE AND TIME OF LATEST TRANSACTION | |
| control field | 20251108175548.0 |
| 008 - FIXED-LENGTH DATA ELEMENTS--GENERAL INFORMATION | |
| fixed length control field | 250721s2000 xx 000 0 eng d |
| 082 14 - DEWEY DECIMAL CLASSIFICATION NUMBER | |
| Classification number | J/F/BAR |
| 100 1# - MAIN ENTRY--PERSONAL NAME | |
| Personal name | barnett, stephen |
| 245 10 - TITLE STATEMENT | |
| Title | Jamuna / |
| 264 1# - PRODUCTION, PUBLICATION, DISTRIBUTION, MANUFACTURE, AND COPYRIGHT NOTICE | |
| Place of production, publication, distribution, manufacture | new delhi : |
| Name of producer, publisher, distributor, manufacturer | b.jain publishers, |
| Date of production, publication, distribution, manufacture, or copyright notice | 2000. |
| 300 ## - PHYSICAL DESCRIPTION | |
| Extent | 32P |
| 490 0# - SERIES STATEMENT | |
| Series statement | Read & Shine |
| 650 17 - SUBJECT ADDED ENTRY--TOPICAL TERM | |
| Topical term or geographic name as entry element | Fiction |
| 653 ## - INDEX TERM--UNCONTROLLED | |
| Uncontrolled term | أطفال مرحلة متوسطة (6-9) سنوات |
| 700 1# - ADDED ENTRY--PERSONAL NAME | |
| Personal name | Brooks, Rosie |
| Relator term | Illus. |
| 942 ## - ADDED ENTRY ELEMENTS (KOHA) | |
| Source of classification or shelving scheme | Dewey Decimal Classification |
| Koha item type | Books |
| حالة السحب | حالة الفقدان | مصدر التصنيف | حالة التلف | غير قابل للإعارة | المكتبة الرئيسية | المكتبة الحالية | موقع الرف | تاريخ التزويد | الرقم المتسلسل | Total Checkouts | رقم الإستدعاء | الباركود | تاريخ آخر ظهور | تاريخ الفاتورة | نوع المادة (كوها) |
|---|---|---|---|---|---|---|---|---|---|---|---|---|---|---|---|
| Dewey Decimal Classification | المكتبة المركزية | المكتبة المركزية | الأطفال | 28/07/2025 | 1678165 | J/F/BAR | PLD00417667 | 28/07/2025 | 28/07/2025 | Books | |||||
| Dewey Decimal Classification | Not For Loan | المكتبة المركزية | المكتبة المركزية | مقتنيات قسم التزويد | 28/07/2025 | 1678336 | J/F/BAR | 28/07/2025 | 28/07/2025 | Books | |||||
| Dewey Decimal Classification | مكتبة البشائر للأطفال | مكتبة البشائر للأطفال | الأطفال | 12/05/2018 | 1678241 | J/F/BAR | PLD00420679 | 28/07/2025 | 12/05/2018 | Books | |||||
| Dewey Decimal Classification | مكتبة قتيبة للأطفال | مكتبة قتيبة للأطفال | الأطفال | 12/05/2018 | 1678184 | J/F/BAR | PLD00420676 | 28/07/2025 | 12/05/2018 | Books | |||||
| Dewey Decimal Classification | مكتبة أم المؤمنين للأطفال | مكتبة أم المؤمنين للأطفال | الأطفال | 12/05/2018 | 1678222 | J/F/BAR | PLD00420678 | 28/07/2025 | 12/05/2018 | Books | |||||
| Dewey Decimal Classification | مكتبة الأميرة ايمان العامة | مكتبة الأميرة ايمان العامة | الأطفال | 12/05/2018 | 1678317 | J/F/BAR | PLD00420683 | 28/07/2025 | 12/05/2018 | Books | |||||
| Dewey Decimal Classification | مكتبة بدر الجديدة للأطفال | مكتبة بدر الجديدة للأطفال | الأطفال | 12/05/2018 | 1678298 | J/F/BAR | PLD00420682 | 28/07/2025 | 12/05/2018 | Books | |||||
| Dewey Decimal Classification | مكتبة بدر للأطفال | مكتبة بدر للأطفال | الأطفال | 12/05/2018 | 1678279 | J/F/BAR | PLD00420681 | 28/07/2025 | 12/05/2018 | Books | |||||
| Dewey Decimal Classification | مكتبة مرج الحمام | مكتبة مرج الحمام | 12/05/2018 | 1678260 | J/F/BAR | PLD00420680 | 28/07/2025 | 12/05/2018 | Books | ||||||
| Dewey Decimal Classification | مكتبةمؤتة | مكتبةمؤتة | الأطفال | 12/05/2018 | 1678203 | J/F/BAR | PLD00420677 | 28/07/2025 | 12/05/2018 | Books |